Peasants and classes : (Record no. 19354)
[ view plain ]
| 000 -LEADER | |
|---|---|
| fixed length control field | 00517cam a2200193 a 4500 |
| 020 ## - INTERNATIONAL STANDARD BOOK NUMBER | |
| ISBN | 0862323452 |
| 020 ## - INTERNATIONAL STANDARD BOOK NUMBER | |
| ISBN | 9780862323455 |
| 020 ## - INTERNATIONAL STANDARD BOOK NUMBER | |
| ISBN | 0862323460 |
| 020 ## - INTERNATIONAL STANDARD BOOK NUMBER | |
| ISBN | 9780862323462 |
| 040 ## - CATALOGING SOURCE | |
| Transcribing agency | DLC |
| 082 00 - DEWEY DECIMAL CLASSIFICATION NUMBER | |
| Classification number | 305 RAH 1986 C166 Or. |
| 100 1# - MAIN ENTRY--AUTHOR NAME | |
| Personal name | Rahman, Atiur, |
| 245 10 - TITLE STATEMENT | |
| Title | Peasants and classes : |
| Remainder of title | a study in differentiation in Bangladesh / |
| 260 ## - PUBLICATION, DISTRIBUTION, ETC. (IMPRINT) | |
| Place of publication | London ; |
| -- | New Jersey : |
| Name of publisher | Zed Books, |
| Year of publication | 1986. |
| 300 ## - PHYSICAL DESCRIPTION | |
| Number of Pages | vii, 295 pages ; |
| Dimensions | 23 cm |
| 650 #0 - SUBJECT ADDED ENTRY--TOPICAL TERM | |
| Topical Term | Peasants |
| 650 #0 - SUBJECT ADDED ENTRY--TOPICAL TERM | |
| Topical Term | Social classes |
| 942 ## - ADDED ENTRY ELEMENTS (KOHA) | |
| Koha item type | ADB |
| 952 ## - LOCATION AND ITEM INFORMATION (KOHA) | |
| Withdrawn status [LOCAL, KOHA] | 0 |
| Source of acquisition | Permanent Location | Date acquired | Koha item type | Lost status | Shelving location | Current Location | Full call number |
|---|---|---|---|---|---|---|---|
| A39297 | Library Block C | 2020-09-29 | សៀវភៅភាសាអង់គ្លេស | C166 | Library Block C | 305 RAH 1986 C166 Or. |